<?xml version="1.0" encoding="UTF-8"?>
<marc:record xmlns:marc="http://www.loc.gov/MARC21/slim">
   <marc:leader>00000nam a2200000 a 4500</marc:leader>
   <marc:datafield ind1="1" ind2=" " tag="100">
      <marc:subfield code="a">Maximinus &lt;Eppanensis&gt;</marc:subfield>
   </marc:datafield>
   <marc:datafield ind1="1" ind2=" " tag="100">
      <marc:subfield code="a">Pock, Joannes Baptista Casparus</marc:subfield>
   </marc:datafield>
   <marc:datafield ind1="0" ind2="0" tag="245">
      <marc:subfield code="a">Der Dritte Jahr-Gang Der Fest- und Feyrtäg-Predigen</marc:subfield>
   </marc:datafield>
   <marc:datafield ind1="0" ind2="0" tag="245">
      <marc:subfield code="b">Denen Geistlichen Seel-Sorgeren zur Waidung und Unterweisung ihrer Christlichen Schäfflein sehr dienstlich und nutzlich, mit gar tauglichen, und Moralisch- außgeführten Concepten, und schönen Lehren erfüllet</marc:subfield>
   </marc:datafield>
   <marc:datafield ind1=" " ind2="1" tag="264">
      <marc:subfield code="c">1705</marc:subfield>
   </marc:datafield>
   <marc:datafield ind1=" " ind2=" " tag="250">
      <marc:subfield code="a">[Bindeeinheit]</marc:subfield>
   </marc:datafield>
   <marc:datafield ind1="1" ind2=" " tag="520">
      <marc:subfield code="a">Druckersigne am Titelbl. http://zentralbibliothek.kapuziner.at/kupferstiche/provinzbibliothek/provinzbibliothek_3485.jpg, Zierkupferstich, Zierinitialen und Verzierungen im Text, gelber Pergamenteinband auf Holzdeckeln, Buchrücken mit Aufschrift "Concionum Pastoraliu[m] || Pars 3tia || R. P. Heriberti Salurn || Capuc. || III" und "Pastoral Predigt || P. Heribert || III", rot gesprenkelte Schnittkante, 2 Knopfschließen (beide fehlen).</marc:subfield>
   </marc:datafield>
   <marc:datafield ind1=" " ind2=" " tag="041">
      <marc:subfield code="a">ger</marc:subfield>
   </marc:datafield>
   <marc:datafield ind1=" " ind2=" " tag="500">
      <marc:subfield code="a">Bibliogr. Nachweis: VD17 12:744875E</marc:subfield>
   </marc:datafield>
   <marc:datafield ind1="0" ind2=" " tag="490">
      <marc:subfield code="v">[3,2].</marc:subfield>
   </marc:datafield>
   <marc:datafield ind1=" " ind2=" " tag="300">
      <marc:subfield code="a">[4] Bl., 390 S., [3] Bl.</marc:subfield>
   </marc:datafield>
</marc:record>
